1430 1818 1483 1176 1054 1639 1880 1605 1117 1920 1942 1482 1590 1472 1804 1195 1903 1966 1004 1570 1774 1678 1846 1550 1199 1217 1302 1437 1018 1477 1529 1056 1685 1816 1164 1748 1594 1591 1709 1401 1611 1048 1318 1806 1393 1159 1955 1353 1238 1327 1554 1341 1500 1588 1073 1116 1608 1597 1650 1263 1686 1966 1639 1279 1488 1279 1682 1190 1552 1391 1768 1309 1673 1301 1309 1366 1987 1635 1652 1502 1521 1182 1402 1384 1151 1579 1282 1293 1794 1277 1159 1097 1977 1771 1647 1768 1054 1369 1322 BCNSPRNW ULIB Ver.6.0+V

เปลี่ยนเป็นภาษาไทย

Change to English
 แสดงรายละเอียดบรรณานุกรม
  กลับหน้าหลัก

Brief Record : Get Marc (ISO 2709) : E-mail record : QR code < ปิดหน้าต่าง
LEADER : 00000nam 2200000uu 4500
001    13399123479
003     ULIB
008    020711s2002 th a 000 0 eng d
020    0071371990
060    QT18.2^bP578
100    James P.Ryan
245    Physiology: PreTest Self-Assessment/^cJames P.Ryan,Michael B.Wang
250    10th ed
260     ^bMc Graw Hill,^c2002
300    322 pages;^b21 cm
650    Physiology^xExamination Questions
700    Michael B.Wang
945    ^p0^l0^i20830
รายการนี้ยังไม่มีแท็ก
คุณยังไม่ได้ล็อกอิน คุณสามารถมีกิจกรรมร่วมกับเว็บไซต์ได้ แต่ต้องล็อกอินก่อน ::
  ล็อกอิน

รายการสื่อสารสนเทศ

ลำดับที่ ประเภท เลขเรียก/บาร์โค้ด สถานที่ สถานะ
1. Book การพยาบาล
Book การพยาบาล
QT18.2 P578 ฉ.1 
  Barcode: 20830
ห้องสมุดวิทยาเขตนครสวรรค์
►หนังสือทั่วไป:l:General Books
บนชั้น

BibComment


ยังไม่เคยถูกคอมเมนท์

คอมเมนท์ทรัพยากรรายการนี้
  คอมเมนท์: Physiology PreTes..


 Copyright 2026. Bcnsprnw @Library